书目信息 |
| 题名: |
H3C路由器典型配置指导
|
|
| 作者: | ;杭州华三通信技术公司 编著 | |
| 分册: | ||
| 出版信息: | 北京 清华大学出版社 2013.11 |
|
| 页数: | 17,615页 | |
| 开本: | 26cm | |
| 丛书名: | ||
| 单 册: | ||
| 中图分类: | TN915.05 | |
| 科图分类: | ||
| 主题词: | 计算机网络--路由器 , 计算机网络 , 路由器 | |
| 电子资源: | ||
| ISBN: | 978-7-302-33225-1 | |
| 000 | 01081nam0 2200265 450 | |
| 001 | 523 | |
| 005 | 20140910085921.03 | |
| 010 | @a978-7-302-33225-1@dCNY89.00 | |
| 100 | @a20131227d2013 em y0chiy50 ea | |
| 101 | 0 | @achi |
| 102 | @aCN@b110000 | |
| 105 | @aa z 000yy | |
| 106 | @ar | |
| 200 | 1 | @aH3C路由器典型配置指导@AH3C Lu You Qi Dian Xing Pei Zhi Zhi Dao@f杭州华三通信技术有限公司编著@FHang Zhou Hua San Tong Xin Ji Shu You Xian Gong Si Bian Zhu |
| 210 | @a北京@c清华大学出版社@d2013.11 | |
| 215 | @a17,615页@c图@d26cm | |
| 300 | @aH3C网络学院参考书系列 | |
| 330 | @a本书从简到难,通过贴近实际应用的场景,给出大量的H3C路由器配置实例,包括基本配置、接口管理配置、广域网接入配置、IP业务配置、IP路由配置、IPv6配置、IP组播配置、ACL和QoS配置、语音配置、安全特性配置、可靠性配置、网络管理与监控配置等。 | |
| 606 | 0 | @a计算机网络@x路由器 |
| 606 | 0 | @a计算机网络 |
| 606 | 0 | @a路由器 |
| 690 | @aTN915.05@v5 | |
| 711 | 02 | @a杭州华三通信技术公司@AHang Zhou Hua San Tong Xin Ji Shu Gong Si@4编著 |
| 801 | 0 | @aCN@bTANGWEI@c20140603 |
| 905 | @b0841109-11@dTN915.05@e109@f3 | |
| H3C路由器典型配置指导/杭州华三通信技术有限公司编著.-北京:清华大学出版社,2013.11 |
| 17,615页:图;26cm |
| H3C网络学院参考书系列 |
| ISBN 978-7-302-33225-1:CNY89.00 |
| 本书从简到难,通过贴近实际应用的场景,给出大量的H3C路由器配置实例,包括基本配置、接口管理配置、广域网接入配置、IP业务配置、IP路由配置、IPv6配置、IP组播配置、ACL和QoS配置、语音配置、安全特性配置、可靠性配置、网络管理与监控配置等。 |
| ● |
| 相关链接 |
|
|
|
|
正题名:H3C路由器典型配置指导
索取号:TN915.05/109
 
预约/预借
| 序号 | 登录号 | 条形码 | 馆藏地/架位号 | 状态 | 备注 |
| 1 | 0841109 | 208411093 | 第二样本阅览室/ [索取号:TN915.05/109] | 在馆 | |
| 2 | 0841110 | 208411100 | 密集书库—计算机科学学院/ [索取号:TN915.05/109] | 在馆 | |
| 3 | 0841111 | 208411119 | 第三借阅区/ [索取号:TN915.05/109] | 在馆 |